| 000 | 00856cam a22002773a 4500 | ||
|---|---|---|---|
| 001 | 902 | ||
| 003 | PGUSA | ||
| 005 | 20140828082954.0 | ||
| 008 | 970501s1997||||xxu|||||s|||||000 | eng d | ||
| 040 |
_aPGUSA _beng |
||
| 042 | _adc | ||
| 050 | 4 | _aPR | |
| 050 | 4 | _aPZ | |
| 100 | 1 |
_aWilde, Oscar, _d1854-1900 |
|
| 245 | 1 | 4 |
_aThe Happy Prince, and Other Tales _h[electronic resource] / _cOscar Wilde |
| 260 |
_bProject Gutenberg, _c1997 |
||
| 505 | 0 | _aThe happy prince -- The nightingale and the rose -- The selfish giant -- The devoted friend -- The remarkable rocket. | |
| 506 | _aPublic domain in the USA. | ||
| 516 | _aElectronic text | ||
| 653 | _aShort stories, English | ||
| 653 | _aFairy tales | ||
| 653 | _aChildren's stories, English | ||
| 830 | 0 |
_aProject Gutenberg _v902 |
|
| 856 | 4 | 0 | _uhttp://www.gutenberg.org/ebooks/902 |
| 942 | _cEB | ||
| 999 |
_c230253 _d230253 |
||